Bedeutende deutsche Hansestädte - Statistiken

Allgemein
  • Dieses Quiz wurde 164 mal gespielt
  • Das Durchschnittsergebnis liegt bei 15 aus 48
Antwortstatistiken
Beitritt Stadt % Korrekt
1241 Hamburg
99%
1260 Bremen
97%
1241 Lübeck
94%
1283 Rostock
92%
1283 Kiel
90%
1242 Stralsund
65%
1278 Greifswald
60%
1259 Köln
56%
1259 Wismar
56%
1350 Hannover
55%
1361 Danzig
53%
1242 Lüneburg
48%
1252 Braunschweig
44%
1278 Stettin
44%
1340 Dortmund
42%
1412 Osnabrück
42%
1295 Magdeburg
41%
1340 Münster
38%
1340 Königsberg
37%
1242 Stade
29%
1281 Halle
28%
1387 Breslau
20%
1346 Riga
20%
1374 Uelzen
19%
1283 Anklam
18%
1426 Hameln
18%
1267 Goslar
17%
1358 Stendal
16%
1363 Buxtehude
15%
1263 Salzwedel
10%
1340 Soest
10%
1283 Demmin
9%
1361 Elbing
9%
1361 Thorn
9%
1361 Kolberg
8%
1346 Reval
8%
1426 Quedlinburg
7%
1365 Stolp
6%
1387 Halberstadt
5%
1363 Köslin
4%
1363 Stargard
3%
1358 Braunsberg
2%
1289 Dorpat
2%
1428 Merseburg
2%
1387 Aschersleben
1%
1365 Greifenberg
1%
1286 Mühlhausen
1%
1365 Wollin
1%
Keine übereinstimmenden Quizze gefunden
Verteilung der Resultate
Anzahl Personen mit jedem Resultat
Perzentil nach korrekt beantworteten Fragen
Ihre Resultats-Entwicklung
Sie haben dieses Quiz noch nicht gespielt